00290nam a2200121Ia 4500008004100000041000800041082001400049100001400063245002400077260003100101300001900132999001700151241015s9999 xx 000 0 und d aeng a591.5 CON aO Connell aDont Feed The Ducks bLiamoconnellaEuropec2007 a184;. P. 21 cm c41729d41729